书目信息 |
| 题名: |
几何与数理逻辑
|
|
| 作者: | 李仲来 主编 | |
| 分册: | ||
| 出版信息: | 北京 北京师范大学出版社 2007.04 |
|
| 页数: | 224页, [4] 页图版 | |
| 开本: | 24cm | |
| 丛书名: | 汤璪真文集 | |
| 单 册: | ||
| 中图分类: | O18 | |
| 科图分类: | ||
| 主题词: | 几何--ji he , 数理逻辑--shu li luo ji | |
| 电子资源: | ||
| ISBN: | 978-7-303-08453-1 | |
| 000 | 00933nam 2200277 450 | |
| 001 | 012007286110 | |
| 005 | 20071226135855.82 | |
| 010 | @a978-7-303-08453-1@dCNY35.00 | |
| 100 | @a20071226d2007 km y0chiy0120 ea | |
| 101 | 0 | @achi |
| 102 | @aCN@b110000 | |
| 105 | @aaf a 000yy | |
| 106 | @ar | |
| 200 | 1 | @a几何与数理逻辑@Aji he yu shu li luo ji@f李仲来主编@Fli zhong lai zhu bian |
| 210 | @a北京@c北京师范大学出版社@d2007.04 | |
| 215 | @a224页, [4] 页图版@c图@d24cm | |
| 225 | 2 | @a汤璪真文集@Atang zao zhen wen ji |
| 320 | @a有书目。 | |
| 330 | @a本书包括几何、代数与数理逻辑、分析三部分内容,收录了《几何学上物理应用之一例》、《任意一次无定方程式之解法》、《微分学的几个根本问题》等文章。 | |
| 410 | 0 | @12001 @a汤璪真文集 |
| 606 | 0 | @a几何@Aji he |
| 606 | 0 | @a数理逻辑@Ashu li luo ji |
| 690 | @aO18@v4 | |
| 701 | 0 | @a李仲来@Ali zhong lai@4主编 |
| 801 | 0 | @aCN@bQSSK@c20071226 |
| 905 | @b271813-15@dO18@eL343@f3 | |
| 几何与数理逻辑/李仲来主编.-北京:北京师范大学出版社,2007.04 |
| 224页, [4] 页图版:图;24cm.-(汤璪真文集) |
| ISBN 978-7-303-08453-1:CNY35.00 |
| 本书包括几何、代数与数理逻辑、分析三部分内容,收录了《几何学上物理应用之一例》、《任意一次无定方程式之解法》、《微分学的几个根本问题》等文章。 |
| ● |
| 相关链接 |
|
|
|
正题名:几何与数理逻辑
索取号:O18/L343
 
预约/预借
| 序号 | 登录号 | 条形码 | 馆藏地/架位号 | 状态 | 备注 |
| 1 | 271813 | 202718130 | 自科库401/401自科库 45排7列3层/ [索取号:O18/L343] | 在馆 | |
| 2 | 271814 | 202718149 | 自科库401/401自科库 45排7列3层/ [索取号:O18/L343] | 在馆 | |
| 3 | 271815 | 202718158 | 自科库401/401自科库 45排7列3层/ [索取号:O18/L343] | 在馆 |